[Event "Olympiad Women 2024"]
[Site "Budapest HUN"]
[Date "2024.09.22"]
[Round "11.23"]
[Board "3"]
[White "Ivekovic, Tihana"]
[Black "Shohradova, Leyla"]
[Result "1-0"]
[WhiteElo "2143"]
[BlackElo "1873"]
[PlyCount "105"]
[EventDate "2024.09.11"]
[WhiteTeam "Croatia"]
[BlackTeam "Turkmenistan"]
[WhiteTeamCountry "CRO"]
[BlackTeamCountry "TKM"]

1. d4 {Nielsen,Peter Heine} d5 2. c4 e6 3. Nf3 Nf6 4. g3 c5 5. cxd5 exd5 6. Nc3 Nc6 7. Bg2 cxd4 8. Nxd4 Bc5 9. Nxc6 ({RR} 9. Nb3 Bb6) 9... bxc6 10. O-O O-O 11. Qc2 Be7 ({RR} 11... Bb6 12. Na4 Bd7 13. b3 Re8 14. Bb2 h5 15. h4 ({RR} 15. Rfd1 h4 16. Nxb6 axb6 17. Rd4 h3 18. Bf3 c5 19. Rxd5 Nxd5 20. Bxd5 Qg5 21. Bxa8 Rxa8) 15... Ne4 16. e3 Rc8 17. Nxb6 axb6 18. Qd1 Bf5 ({RR} 18... Bg4 19. f3 Nxg3 20. fxg4 Qxh4 21. Qf3 f5) 19. Qxh5 Qd7 20. Qd1 ({RR} 20. Bxe4 dxe4 21. Qg5 f6 22. Bxf6 Bg4) 20... c5 21. Re1 Rcd8 ({RR} 21... Rc6) 22. Rc1 Bh3 23. Qf3 f6 24. Bxh3 Qxh3 25. Rcd1 b5 26. Qg2 {0-1 Aronian,L (2775)-Carlsen,M (2872) Wch Rapid Moscow 2019 (12.1)}) ({RR} 11... Bb6 12. Na4 Ba6 13. Rd1 Re8 14. Bf3 h6 15. b3 Qc8 16. Nxb6 axb6 17. a4 Qe6 18. e3 Ne4 19. Bb2 Rad8 20. b4 Qf5 21. Bg2 Nxg3 22. Qxf5 Nxf5 23. Bh3 Nd6 24. Bd4 Nc4 25. Kh1 Bc8 26. Bf1 {1-0 Gunal,Y (1773)-Cetindag,A (1903) Turkish Cup 2024 (11.26)}) 12. Na4 Qa5 $146 ({RR} 12... Ba6 13. Be3 Ng4 14. Bc5 Re8 15. Rfe1 Bf6 16. Rad1 Qc7 17. Bd4 Rac8 18. Nc5 Bb7 19. e3 Rb8 20. h3 Ne5 21. f4 Nd7 22. Nxd7 Bxd4 23. Nxb8 Bxe3+ 24. Kh2 Qxb8 25. Qb3 d4 26. Qc4 c5 27. Re2 {½-½ Bayo Milagro,A (2280)-Makarian,R (2509) Titled Tuesday intern op 07th Dec blitz 2021 (1)}) 13. Be3 g6 14. b3 Bd7 15. Bc5 Rfe8 16. Rfc1 Qb5 17. e3 Bxc5 18. Nxc5 Bf5 19. Qc3 Ng4 20. h3 Ne5 21. g4 Bc8 22. e4 d4 23. Qxd4 Ba6 24. Qe3 Qe2 25. Qxe2 Bxe2 26. f4 Nd3 27. Nxd3 Bxd3 28. e5 Red8 29. Bxc6 Rab8 30. Kf2 Bb5 31. Bxb5 Rxb5 32. Rd1 Re8 33. h4 Rb4 34. Kf3 f6 35. Rd5 g5 36. hxg5 fxg5 37. f5 Rf4+ 38. Kg3 h5 39. gxh5 Rxf5 40. Re1 Kg7 41. Rd7+ Kh6 42. Rd6+ Kh7 43. e6 Kg8 44. Re2 Rf1 45. Kg4 Rg1+ 46. Kf5 g4 47. Kg6 g3 48. e7 Rc1 49. h6 Rcc8 50. h7+ Kh8 51. Kf7 a5 52. Rg6 g2 53. Rgxg2 1-0

[Event "Olympiad Women 2024"]
[Site "Budapest HUN"]
[Date "2024.09.22"]
[Round "11.23"]
[Board "4"]
[White "Rejepova, Jahan"]
[Black "Vujnovic, Patricija"]
[Result "1-0"]
[WhiteElo "1915"]
[BlackElo "2134"]
[PlyCount "133"]
[EventDate "2024.09.11"]
[WhiteTeam "Turkmenistan"]
[BlackTeam "Croatia"]
[WhiteTeamCountry "TKM"]
[BlackTeamCountry "CRO"]

1. d4 d5 2. c4 e6 3. Nc3 Nf6 4. Bg5 Be7 5. e3 O-O 6. Nf3 Nbd7 7. cxd5 exd5 8. Bd3 c6 9. O-O Re8 10. Qc2 h6 11. Bf4 Nf8 12. Rab1 Nh5 13. Bg3 Nxg3 14. hxg3 a5 15. a3 Bd6 16. Bf5 $146 ({RR} 16. Rfe1 Bg4 17. Nh2 Bh5 18. Ne2 Bg6 19. Nf4 Bxd3 20. Nxd3 Nd7 21. Nf3 a4 {½-½ Ujtelky,M-Estrada Degrandi,W Chigorin Memorial-02 1961 (11)}) ({RR} 16. Na4 Ra7 17. b4 b5 18. Nc5 axb4 19. axb4 Qb6 20. Rfc1 Rc7 21. Nh4 Ne6 22. Qd1 Bf8 23. Qh5 Nxc5 24. dxc5 Qb8 25. g4 Re6 26. Nf3 Bd7 27. Nd4 g6 28. Qh2 Re8 29. Ra1 Bxg4 30. Ra6 Qc8 {1-0 Kunsztowicz,U (2415)-Rodgaard,J Esbjerg North Sea Cup-01 1976 (8)}) 16... Bxf5 17. Qxf5 a4 18. Qc2 Qa5 19. Ne2 Nd7 20. Rfc1 Nf6 21. b4 axb3 22. Rxb3 Qc7 23. Rcb1 Ra7 24. a4 Re7 25. Rb6 Ne4 26. Nc1 Qc8 27. Nd3 Qf5 28. R6b2 f6 29. Nc5 Bxc5 30. dxc5 Qc8 31. Nd4 Ra5 32. Qb3 Nxc5 33. Qc3 Qc7 34. Rb6 Rb5 35. R6xb5 Ne4 36. Qb3 cxb5 37. Qxd5+ Kh8 38. Nxb5 Qc2 39. Rf1 Re5 40. Qd1 Qa2 41. Qd4 Qc2 42. Na3 Qe2 43. Nc4 Rc5 44. Qxe4 Qxc4 45. Qe8+ Kh7 46. Rd1 Qc2 47. Qd7 Rc4 48. Rd4 Qb1+ 49. Kh2 Rc5 50. Qe8 Qc2 51. Rg4 Qf5 52. Rf4 Qh5+ 53. Qxh5 Rxh5+ 54. Rh4 Rc5 55. Rb4 Rc7 56. Kh3 Rc2 57. f3 Ra2 58. g4 Kg6 59. Kg3 h5 60. gxh5+ Kxh5 61. Rxb7 g5 62. Ra7 f5 63. a5 Ra3 64. a6 Rxe3 65. Ra8 Ra3 66. a7 f4+ 67. Kh2 1-0

[Event "Olympiad Women 2024"]
[Site "Budapest HUN"]
[Date "2024.09.22"]
[Round "11.24"]
[Board "1"]
[White "Zherebtsova, Alexandra"]
[Black "Perez Rodriguez, Jennifer"]
[Result "1-0"]
[WhiteElo "2239"]
[BlackElo "2224"]
[PlyCount "93"]
[EventDate "2024.09.11"]
[WhiteTeam "Montenegro"]
[BlackTeam "Paraguay"]
[WhiteTeamCountry "MNE"]
[BlackTeamCountry "PAR"]

1. c4 e6 2. Nc3 d5 3. d4 Nf6 4. cxd5 exd5 5. Bg5 Be7 6. e3 c6 7. Bd3 O-O 8. h3 Re8 9. Qc2 h6 10. Bf4 Bd6 11. Bxd6 Qxd6 12. Nf3 Nbd7 13. O-O Qe7 14. Nd2 $146 ({RR} 14. Rfc1 Ne4 15. b4 Ndf6 16. b5 Nxc3 17. Qxc3 cxb5 18. Bxb5 Rd8 19. Qc7 Qxc7 20. Rxc7 a6 21. Ba4 b5 22. Bb3 Be6 23. Ne5 Kf8 24. Rac1 Rdc8 25. a4 bxa4 26. Bxa4 Rxc7 27. Rxc7 g5 28. Nd3 Rb8 {1-0 Vardaan,N (2329)-Garv,G (1973) 59th ch-IND 2022-23 (7.32)}) 14... Nb6 15. Rab1 Be6 16. Nf3 Ne4 17. Bxe4 dxe4 18. Qxe4 Qf6 19. Qh4 g5 20. Qg3 Kh7 21. Ne5 Nc4 22. Nxc4 Bxc4 23. Rfd1 Rad8 24. b3 Bd5 25. Qc7 Qe7 26. Qxe7 Rxe7 27. Rbc1 f5 28. Nxd5 Rxd5 29. Rc5 Red7 30. Rxd5 Rxd5 31. Kf1 Kg6 32. Ke2 Kf6 33. f3 Ke6 34. e4 Rd7 35. g4 f4 36. h4 Kf6 37. h5 Ke6 38. Kd3 Kd6 39. Kc4 b6 40. Rd3 Ke6 41. b4 Kd6 42. d5 b5+ 43. Kd4 cxd5 44. e5+ Ke7 45. Rc3 Kd8 46. Rc6 Rh7 47. Kxd5 1-0

[Event "Olympiad Women 2024"]
[Site "Budapest HUN"]
[Date "2024.09.22"]
[Round "11.24"]
[Board "2"]
[White "Vargas, Gabriela"]
[Black "Skvortsova, Alena"]
[Result "1/2-1/2"]
[WhiteElo "2109"]
[BlackElo "2179"]
[PlyCount "167"]
[EventDate "2024.09.11"]
[WhiteTeam "Paraguay"]
[BlackTeam "Montenegro"]
[WhiteTeamCountry "PAR"]
[BlackTeamCountry "MNE"]

1. d4 g6 2. Nf3 Bg7 3. e3 Nf6 4. Be2 O-O 5. O-O d5 6. b4 Ne4 7. c4 a5 8. b5 c5 ({RR} 8... dxc4 9. Bxc4 c5 10. bxc6 Nxc6 11. Bb2 Nd6 12. Be2 b5 13. Nbd2 Bf5 14. a3 Qb6 15. Re1 Rad8 16. Bf1 Be4 17. Nxe4 Nxe4 18. Qc2 Nd6 19. Rec1 Rc8 20. Qb3 a4 21. Qa2 Na5 22. Rxc8 Rxc8 23. Rc1 {½-½ Hafner,R (1975)-Horata,H (1851) 12th Int Senioren-Cup 2024 (4.47)}) 9. Bb2 dxc4 10. Bxc4 Nd7 $146 ({RR} 10... a4 11. Qc2 Nd6 12. Rd1 Bf5 13. Bd3 Bxd3 14. Rxd3 c4 15. Ra3 Nd7 16. Rxa4 Rxa4 17. Qxa4 Nb6 18. Qb4 Nd5 19. Qc5 e6 20. Ba3 Ne4 21. Qxc4 Re8 22. Nbd2 Nxd2 23. Nxd2 Qa5 24. Bc1 Nb6 25. Qe2 {1-0 Mayeregger,G (1530)-Repetto,P (1411) ARG-chT ART Semillero U21 2017 (6)}) 11. Nbd2 Nxd2 12. Qxd2 Nb6 13. Be2 Bg4 14. Rac1 cxd4 15. Nxd4 Bxe2 16. Qxe2 Rc8 17. Rxc8 Nxc8 18. Rd1 Qb6 19. a4 Nd6 20. Rc1 Rc8 21. Rxc8+ Nxc8 22. Qc2 Nd6 23. h3 Qd8 24. Nb3 Bxb2 25. Qxb2 Nc4 26. Qc3 Qd1+ 27. Kh2 Qd6+ 28. g3 Qb4 29. Qxb4 axb4 30. a5 Nd6 31. a6 bxa6 32. bxa6 Nc8 33. Kg2 f5 34. Kf3 Kf7 35. Ke2 Ke6 36. Kd3 Kd5 37. f3 Nb6 38. e4+ fxe4+ 39. fxe4+ Kd6 40. a7 Kc7 41. Na5 Na8 42. Kc4 Kb6 43. Kxb4 Nc7 44. Nc4+ Kxa7 45. Kc5 Kb7 46. Ne3 Kc8 47. Kc6 Kd8 48. h4 Ne6 49. Nc4 Nd4+ 50. Kd5 Ne2 51. g4 Ke8 52. Ke5 Kf7 53. Nd2 Nc1 54. Nf3 Nd3+ 55. Kd4 Nf2 56. Nh2 Ke6 57. Ke3 Nd1+ 58. Kf4 Kf6 59. Nf3 Nf2 60. e5+ Kg7 61. Nd4 Nd3+ 62. Ke4 Nf2+ 63. Kf3 Nd3 64. Nc6 Kf7 65. Ke4 Nf2+ 66. Kf4 Nd3+ 67. Ke3 Nc5 68. Kd4 Ne6+ 69. Ke4 Nc5+ 70. Kd5 Nd3 71. e6+ Kf8 72. Nd4 Kg7 73. g5 h6 74. Nf3 hxg5 75. hxg5 Nf4+ 76. Ke5 Nh3 77. Ke4 Kf8 78. Kd5 Nf4+ 79. Ke5 Nh3 80. Nh4 Nxg5 81. Nxg6+ Ke8 82. Kf5 Nxe6 83. Kxe6 Kd8 84. Nxe7 1/2-1/2

[Event "Olympiad Women 2024"]
[Site "Budapest HUN"]
[Date "2024.09.22"]
[Round "11.24"]
[Board "3"]
[White "Milovic, Aleksandra"]
[Black "Montiel Caceres, Helen"]
[Result "0-1"]
[WhiteElo "2121"]
[BlackElo "1864"]
[PlyCount "98"]
[EventDate "2024.09.11"]
[WhiteTeam "Montenegro"]
[BlackTeam "Paraguay"]
[WhiteTeamCountry "MNE"]
[BlackTeamCountry "PAR"]

1. Nc3 c5 2. Nf3 Nc6 3. d4 cxd4 4. Nxd4 e6 5. g3 d5 6. Bg2 Nf6 7. O-O Bc5 8. Nb3 Be7 $146 ({RR} 8... Bb6 9. e4 d4 10. Na4 e5 11. Nxb6 Qxb6 12. Bg5 Nd7 13. c3 dxc3 14. bxc3 O-O 15. c4 Qc7 16. c5 h6 17. Be3 Nf6 18. Qd6 Ne8 19. Qxc7 Nxc7 20. Rfd1 Be6 21. Rd6 Nb5 22. Rd3 Rfd8 23. Bf1 {½-½ Gazel Pereira,F (2302)-Zampronha,W (2163) Pocos de Caldas op 2014 (2)}) 9. e4 dxe4 10. Qxd8+ Bxd8 11. Nxe4 Nxe4 12. Bxe4 Bb6 13. a4 a5 14. Bf4 f6 15. Bd6 e5 16. Bc5 Bc7 17. Rfd1 Be6 18. Nc1 Kf7 19. Ne2 f5 20. Bg2 Rhd8 21. Nc3 Rxd1+ 22. Rxd1 Rd8 23. Rxd8 Bxd8 24. Nb5 Be7 25. Nd6+ Bxd6 26. Bxd6 e4 27. f3 Bd5 28. fxe4 fxe4 29. Bc5 Ke6 30. c3 Ke5 31. Kf2 Bb3 32. Ke3 Bc2 33. Bf8 g6 34. Bg7+ Kd5 35. Kf4 Nd8 36. Bf6 Ne6+ 37. Ke3 Nc5 38. h4 Nxa4 39. Kd2 Bb3 40. Ke3 Nxb2 41. Bxe4+ Ke6 42. Bd4 Nc4+ 43. Kf4 a4 44. Bc5 b6 45. Bb4 a3 46. Bxa3 Nxa3 47. Kg5 Kf7 48. Kh6 Kg8 49. g4 Nb5 0-1

[Event "Olympiad Women 2024"]
[Site "Budapest HUN"]
[Date "2024.09.22"]
[Round "11.24"]
[Board "4"]
[White "Oviedo Acosta, Paula"]
[Black "Koljevic, Nikolina"]
[Result "0-1"]
[WhiteElo "1790"]
[BlackElo "2030"]
[PlyCount "108"]
[EventDate "2024.09.11"]
[WhiteTeam "Paraguay"]
[BlackTeam "Montenegro"]
[WhiteTeamCountry "PAR"]
[BlackTeamCountry "MNE"]

1. e4 c5 2. Nf3 d6 3. d4 cxd4 4. Nxd4 Nf6 5. Nc3 Nc6 6. Bg5 e6 7. Qd2 a6 8. O-O-O Bd7 9. f4 Be7 10. Nf3 b5 11. Bxf6 gxf6 12. Kb1 Qb6 13. f5 O-O-O 14. Bd3 ({RR} 14. fxe6 fxe6 15. g3 b4 16. Ne2 e5 17. Nc1 Be6 18. Qh6 Kb8 19. Bh3 Bf7 20. Nh4 d5 21. Qg7 Rhf8 22. exd5 Bxd5 23. Bg2 Bxg2 24. Nxg2 Qf2 25. Nh4 Rxd1 26. Rxd1 Rc8 27. Qxh7 Nd4 28. Nb3 Rxc2 {½-½ Karjakin,S (2752)-Vachier Lagrave,M (2784) Skilling op Prelim rapid 2020 (3)}) 14... h5 15. h4 $146 ({RR} 15. Ne2 Kb8 16. Nf4 Bf8 17. Qe2 Qc5 18. Rhf1 Ne7 19. Nd2 h4 20. Nb3 Qe5 21. Qe3 Nc8 22. fxe6 Bxe6 23. Nd4 Kb7 24. Ndxe6 fxe6 25. Ng6 {1-0 Froeyman,H (2252)-Stevens,T (2005) 51st Sparkassen Open A 2024 (4.33)}) 15... Kb8 16. Rh3 Rhg8 17. Ne1 Ne5 18. Bf1 Bc6 19. Nd3 b4 20. Nd5 exd5 21. Nxb4 Nc4 22. Nxc6+ Qxc6 23. Qxd5 Qxd5 24. Rxd5 Rc8 25. b3 Na3+ 26. Kb2 Nxc2 27. Bxa6 Rxg2 28. Bf1 Rf2 29. Rb5+ Ka7 30. Ra5+ Kb6 31. Rb5+ Kc7 32. Rc3+ Kd8 33. Rxc8+ Kxc8 34. Ra5 Ne3+ 35. Kc3 Nxf1 36. Ra8+ Kd7 37. Ra7+ Ke8 38. a4 Rf3+ 39. Kc4 Nd2+ 40. Kd5 Rd3+ 41. Kc6 Rc3+ 42. Kb7 Rxb3+ 43. Kc7 Rc3+ 44. Kb8 Nxe4 45. a5 d5 46. a6 Bd6+ 47. Kb7 Rc7+ 48. Ka8 Rxa7+ 49. Kxa7 Bc5+ 50. Kb7 d4 51. Kc6 d3 52. Kd5 d2 53. Kxe4 d1=Q 54. a7 Qd4+ 0-1

[Event "Olympiad Women 2024"]
[Site "Budapest HUN"]
[Date "2024.09.22"]
[Round "11.25"]
[Board "1"]
[White "Librelato, Kathie Goulart"]
[Black "Mendoza, Shania Mae"]
[Result "0-1"]
[WhiteElo "2181"]
[BlackElo "2013"]
[PlyCount "72"]
[EventDate "2024.09.11"]
[WhiteTeam "Brazil"]
[BlackTeam "Philippines"]
[WhiteTeamCountry "BRA"]
[BlackTeamCountry "PHI"]

1. e4 e5 2. Nf3 Nc6 3. Bb5 a6 4. Ba4 Bc5 5. O-O Nge7 6. Nc3 ({RR} 6. Nxe5 Nxe5 7. d4 b5 8. Bb3 Bxd4 9. Qxd4 d6 10. c3 O-O 11. Bf4 c5 12. Qd1 Bb7 13. Re1 Qc7 14. Bc2 Rad8 15. Nd2 Qc8 16. Qh5 Rfe8 17. Rad1 N7g6 18. Bg3 c4 19. Nf1 Nd3 20. Bxd3 cxd3 {1-0 Carlsen,M (2830)-Nakamura,H (2794) 12th Norway Armageddon 2024 (2.1)}) 6... O-O ({RR} 6... Ng6 7. Nd5 O-O 8. c3 Ba7 9. Bb3 d6 10. h3 Nce7 11. d4 Nxd5 12. Bxd5 h6 13. Bb3 Qf6 14. Be3 Nf4 15. Kh2 Re8 16. Qd2 Nxh3 17. dxe5 dxe5 18. Bxa7 Rxa7 19. Qe3 Qf4+ 20. Kh1 Bg4 21. Nh2 {1-0 Piorun,K (2599)-Le Tuan Minh (2567) Titled Tue 9th Apr Early 2024 (6)}) 7. Nxe5 $146 ({RR} 7. Nd5 d6 8. c4 Bg4 9. d3 Nd4 10. Be3 Nxf3+ 11. gxf3 Bh3 12. Re1 Nxd5 13. exd5 Bxe3 14. Kh1 Bxf2 15. Re2 Ba7 16. Qe1 Qg5 17. Qd2 Qxd2 18. Rxd2 Bd4 19. Rb1 Bf5 20. b3 Rad8 21. Rbd1 Bd7 {0-1 Malec,T-Zyla,P Polanica Zdroj op-E 42nd 2006 (5)}) ({RR} 7. d3 d6 8. Bb3 Be6 9. h3 b5 10. Bg5 Qd7 11. Be3 f6 12. d4 Bxd4 13. Nxd4 exd4 14. Bxd4 Nxd4 15. Qxd4 c5 16. Bxe6+ Qxe6 17. Qe3 Rfe8 18. Rad1 Nc6 19. f3 Nd4 20. Qf2 Rad8 21. Nd5 Rd7 {1-0 Della Morte,G (2318)-Kejzar,P (2048) Titled Tue 6th Jun Late 2023 (6)}) ({RR} 7. d3 h6 8. Be3 Bb6 9. Bxb6 cxb6 10. Re1 d6 11. h3 f5 12. Bb3+ Kh8 13. a3 Nd4 14. Nxd4 exd4 15. Ne2 Ng6 16. Nxd4 fxe4 17. dxe4 Qf6 18. f3 Nf4 19. Ne2 Qg6 20. Nxf4 Rxf4 21. Kh1 Bd7 {1-0 Moreno Hernandez,A (1691)-Ibarra Prada,S (1046) COL-ch U14 Bucaramanga 2022 (1)}) 7... Nxe5 8. d4 Bxd4 9. Qxd4 d6 10. f4 N5c6 11. Qd1 f5 12. Bb3+ Kh8 13. a3 Qe8 14. Qd3 Qg6 15. Bd5 fxe4 16. Bxe4 Bf5 17. Bd2 Rad8 18. Rae1 d5 19. Bxf5 Qxf5 20. Qxf5 Nxf5 21. g4 Nfd4 22. f5 Nxc2 23. Rc1 N2d4 24. Bf4 Rd7 25. Rcd1 Rfd8 26. Bg5 Rf8 27. f6 Kg8 28. Be3 Ne6 29. Rxd5 Rxd5 30. Nxd5 Rd8 31. Nxc7 Nxc7 32. Bb6 Rd7 33. f7+ Kf8 34. Bc5+ Ne7 35. a4 Ne6 36. Be3 Nd5 0-1

[Event "Olympiad Women 2024"]
[Site "Budapest HUN"]
[Date "2024.09.22"]
[Round "11.25"]
[Board "2"]
[White "Frayna, Janelle Mae"]
[Black "Alboredo, Julia"]
[Result "1-0"]
[WhiteElo "2216"]
[BlackElo "2127"]
[PlyCount "47"]
[EventDate "2024.09.11"]
[WhiteTeam "Philippines"]
[BlackTeam "Brazil"]
[WhiteTeamCountry "PHI"]
[BlackTeamCountry "BRA"]

1. e4 c5 2. Nf3 Nc6 3. Bb5 Nf6 4. Nc3 Qc7 5. O-O Nd4 6. Bc4 e6 7. d3 a6 8. a4 Ng4 9. g3 Nxf3+ 10. Qxf3 Ne5 11. Qe2 d6 12. f4 Nc6 13. f5 Be7 14. fxe6 fxe6 15. Qg4 Bf6 16. Bxe6 Nb4 $146 ({RR} 16... Ne5 17. Qh5+ g6 18. Qh3 Be7 19. Nd5 Qc6 20. Bxc8 Qxc8 21. Qh6 Bf8 22. Nf6+ Kd8 23. Qh4 Be7 24. Bg5 h6 25. Ng8 Bxg5 26. Rf8+ Kd7 27. Qh3+ Kc7 28. Rxc8+ Rxc8 29. Rf1 Rhxg8 30. Qe6 Rg7 31. h4 {1-0 Vusatiuk,V (2289)-Kayser,G (1993) Titled Tue 10th Sep Late 2024 (9)}) 17. e5 dxe5 18. Ne4 Nxc2 19. Rxf6 gxf6 20. Nxf6+ Kd8 21. Nd5 Bxe6 22. Qxe6 Qg7 23. Bh6 Re8 24. Qd6+ 1-0

[Event "Olympiad Women 2024"]
[Site "Budapest HUN"]
[Date "2024.09.22"]
[Round "11.25"]
[Board "3"]
[White "Tamarozi, Isabelle"]
[Black "Fronda, Jan Jodilyn"]
[Result "0-1"]
[WhiteElo "2059"]
[BlackElo "2165"]
[PlyCount "40"]
[EventDate "2024.09.11"]
[WhiteTeam "Brazil"]
[BlackTeam "Philippines"]
[WhiteTeamCountry "BRA"]
[BlackTeamCountry "PHI"]

1. e4 c6 2. d4 d5 3. exd5 cxd5 4. c4 Nf6 5. Nc3 g6 6. Qb3 Bg7 7. cxd5 O-O 8. Be2 Na6 9. Bf3 Qb6 10. Qxb6 ({RR} 10. Nge2 Qxb3 11. axb3 Nb4 12. O-O Rd8 13. Ra5 h6 14. h4 Nd3 15. Rd1 Nxc1 16. Rxc1 b6 17. Ra4 Bb7 18. d6 Bxf3 19. dxe7 Rd7 20. gxf3 Re8 21. Rd1 Rexe7 22. Kf1 h5 23. Rda1 Nd5 24. Nxd5 Rxd5 {½-½ Gelfand,B (2703)-Morozevich,A (2742) Corus Wijk aan Zee 2002 (11)}) 10... axb6 11. a3 Nb4 12. Bd1 ({RR} 12. Rb1 Nc2+ 13. Kd1 Nxd4 14. Be3 Nxf3 15. Nxf3 Nxd5 16. Nxd5 Rd8 17. Ke2 Rxd5 18. Rhd1 Rxd1 19. Rxd1 Be6 20. Rd2 b5 21. Bc5 Bc4+ 22. Ke1 e6 23. Nd4 Rd8 24. f4 e5 25. fxe5 Bxe5 26. g3 f5 {½-½ Ambrogi,A (2232)-Leschinsky,G (1992) Titled Tue 6th Aug Late 2024 (8)}) 12... Bf5 $146 ({RR} 12... Bg4 13. f3 Bf5 14. Nge2 Nd3+ 15. Kf1 Nb4 16. Kf2 Nfxd5 17. Nxd5 Nxd5 18. Re1 Nb4 19. Kg1 Rfd8 20. Bb3 Bc2 21. Ba2 Nd3 22. Rf1 Rac8 23. Kh1 b5 24. h3 b4 25. axb4 Nxb4 26. Bb1 Bxb1 27. Rxb1 {½-½ Babayev,R (1553)-Wang,Z (1998) GER-ch U12 Willingen 2006 (2)}) ({RR} 12... Rd8 13. Nf3 Nd3+ 14. Ke2 Nxc1+ 15. Rxc1 Bh6 16. Ra1 Nxd5 17. Nxd5 Rxd5 18. Bc2 Bf5 19. Bxf5 Rxf5 20. Rhd1 Rc8 21. b4 Rc2+ 22. Ke1 b5 23. a4 Rb2 24. axb5 Rxb5 25. d5 R5xb4 26. Ra8+ Kg7 27. Kf1 {0-1 Patkina,E (1949)-Bojarinov,V (2299) Nizhnij Novgorod Voroniatov Memor 5th 2008}) ({RR} 12... Nfxd5 13. Nxd5 Nxd5 14. Ne2 Rd8 15. O-O Nb4 16. Bb3 Nc6 17. Be3 Nxd4 18. Nxd4 Bxd4 19. Rfd1 e5 20. Bxd4 exd4 21. Rac1 Rd6 22. Rd2 Bf5 23. Rc7 Bd7 24. f3 Rb8 25. Kf2 b5 26. Rc1 Bc6 27. Re1 {½-½ Aansh,G (1946)-Bhambure,S (2099) IND-ch U19 44th 2014 (10)}) 13. f3 Rfd8 14. g4 Bc2 15. Nge2 Bxd1 16. Kxd1 Nfxd5 17. Bd2 e5 18. Rb1 exd4 19. Nb5 Ne3+ 20. Ke1 Nd3# 0-1

[Event "Olympiad Women 2024"]
[Site "Budapest HUN"]
[Date "2024.09.22"]
[Round "11.25"]
[Board "4"]
[White "Canino, Ruelle"]
[Black "Dias, Clara"]
[Result "1-0"]
[WhiteElo "2004"]
[BlackElo "1954"]
[PlyCount "67"]
[EventDate "2024.09.11"]
[WhiteTeam "Philippines"]
[BlackTeam "Brazil"]
[WhiteTeamCountry "PHI"]
[BlackTeamCountry "BRA"]

1. c4 c5 2. Nf3 Nc6 3. g3 g6 4. Bg2 Bg7 5. O-O Rb8 6. Nc3 d6 7. a3 a6 8. Rb1 Nh6 9. b4 cxb4 10. axb4 b5 11. cxb5 axb5 12. d4 Nf5 13. e3 O-O 14. Re1 $146 ({RR} 14. Bd2 d5 15. Nxd5 Qxd5 16. Ne5 Qd6 17. Nxc6 Rb6 18. Na5 h5 19. Bc3 h4 20. Qf3 hxg3 21. hxg3 Qc7 22. Rfc1 g5 23. e4 g4 24. Qd3 Nh6 25. d5 Bxc3 26. Rxc3 Qd6 27. Nc6 f6 28. Qe3 {1-0 Johannesson,I (2338)-Larusson,P (2095) Reykjavik op 2011 (3.38)}) 14... Qb6 15. Qb3 Bd7 16. g4 Nh6 17. h3 e5 18. d5 Ne7 19. g5 Nhf5 20. Ne4 f6 21. gxf6 Bxf6 22. Nxf6+ Rxf6 23. Bb2 Rbf8 24. Re2 h6 25. Rc1 Kh7 26. Rec2 Bc8 27. Rc7 R6f7 28. R1c2 e4 29. Nd4 Nh4 30. Ne6 Re8 31. Bxe4 Nf3+ 32. Bxf3 Rxf3 33. Ng7 Ref8 34. Rxe7 1-0

[Event "Olympiad Women 2024"]
[Site "Budapest HUN"]
[Date "2024.09.22"]
[Round "11.26"]
[Board "1"]
[White "Ortez, Andrea"]
[Black "Tan, Li Ting"]
[Result "1/2-1/2"]
[WhiteElo "1948"]
[BlackElo "2037"]
[PlyCount "104"]
[EventDate "2024.09.11"]
[WhiteTeam "El Salvador"]
[BlackTeam "Malaysia"]
[WhiteTeamCountry "ESA"]
[BlackTeamCountry "MAS"]

1. e4 e5 2. Nf3 Nc6 3. Bb5 a6 4. Ba4 Nf6 5. Qe2 b5 6. Bb3 Bc5 7. c3 d6 8. d3 h6 9. O-O O-O 10. Be3 Bg4 ({RR} 10... Bxe3 11. Qxe3 Na5 12. Bc2 c5 13. Nbd2 Nc6 14. a4 Rb8 15. axb5 axb5 16. Rfd1 Qb6 17. Nf1 d5 18. exd5 Nxd5 19. Qe4 Nf6 20. Qe2 Re8 21. Ng3 Be6 22. Re1 Bd5 23. Nd2 {½-½ Tiviakov,S (2637)-Shirov,A (2749) Hoogeveen Unive Crown 14th 2010 (6)}) ({RR} 10... Bxe3 11. fxe3 d5 12. exd5 Nxd5 13. Nbd2 Be6 14. Rae1 Re8 15. Qf2 Nf6 16. Bc2 Qd5 17. a3 Rad8 18. h3 a5 19. d4 exd4 20. exd4 Bf5 21. Bb3 Qd6 22. Ne5 Be6 23. Bxe6 Rxe6 24. Ndf3 Rde8 25. Re3 {1-0 Rakhmatullaev,A (2411)-Agasarov,B (2358) Dubai Police Open A 2024 (6.47)}) 11. Nbd2 Ba7 12. h3 $146 ({RR} 12. Bd5 Nxd5 13. exd5 Ne7 14. c4 f5 15. Bxa7 Rxa7 16. h3 Bh5 17. b3 c6 18. dxc6 Nxc6 19. Qe3 Qa8 20. d4 e4 21. Ne1 Re7 22. Nc2 f4 23. Qc3 Be2 24. Rfe1 Bd3 25. Nb4 Nxb4 26. Qxb4 Rf6 {0-1 Postma,J (1766)-Van Dorp,Q (1947) Leiden SB-ch 2002 (6)}) 12... Bd7 13. a4 b4 14. a5 Rb8 15. Bc4 Bxe3 16. fxe3 bxc3 17. bxc3 Rb2 18. Qe1 Be6 19. Bxa6 d5 20. Qc1 Rb8 21. exd5 Qxd5 22. Bc4 Qd6 23. Bxe6 Qxe6 24. Qc2 Rfd8 25. a6 Ra8 26. Ra4 Ne7 27. Nc4 Ned5 28. Rb1 e4 29. Nd4 exd3 30. Qxd3 Qe8 31. Ra5 Ne4 32. Rb3 c5 33. Nb5 Ndxc3 34. Nbd6 Nxd6 35. Nxd6 Qe6 36. Qxc3 Rxd6 37. Rxc5 Rdxa6 38. Rcb5 Qd6 39. Qe5 Qxe5 40. Rxe5 Rf6 41. Rb2 Ra1+ 42. Kh2 g6 43. Re8+ Kg7 44. Kg3 h5 45. Re4 Ra5 46. Rf4 Re5 47. Rxf6 Kxf6 48. Kf3 Kg5 49. Rb4 Ra5 50. h4+ Kf5 51. Rf4+ Ke6 52. Re4+ Kf6 1/2-1/2

[Event "Olympiad Women 2024"]
[Site "Budapest HUN"]
[Date "2024.09.22"]
[Round "11.26"]
[Board "2"]
[White "Azhar, Puteri Munajjah Az-Zahraa"]
[Black "Garcia, Angie"]
[Result "1/2-1/2"]
[WhiteElo "2014"]
[BlackElo "2015"]
[PlyCount "101"]
[EventDate "2024.09.11"]
[WhiteTeam "Malaysia"]
[BlackTeam "El Salvador"]
[WhiteTeamCountry "MAS"]
[BlackTeamCountry "ESA"]

1. Nf3 d5 2. g3 Nf6 3. Bg2 g6 4. d3 Bg7 5. c3 O-O 6. O-O Nbd7 7. d4 ({RR} 7. Qa4 e5 8. Qh4 Re8 9. Bh6 e4 10. Ne1 Ne5 11. Bxg7 Kxg7 12. d4 Nc4 13. b3 h6 14. Qf4 e3 15. bxc4 g5 16. Qxe3 Rxe3 17. fxe3 Qe7 18. Nc2 Bg4 19. e4 Nxe4 20. Ne3 Nf6 21. Rf3 Kg8 {0-1 Moussard,J (2440)-Dourerassou,J (2502) FRA-chT Top 12 2014 (7.6)}) ({RR} 7. Qc2 e5 8. Nbd2 c6 9. e4 Qc7 10. b4 a5 11. a4 h6 12. Nb3 axb4 13. cxb4 Qd6 14. a5 Qe6 15. Re1 d4 16. Ba3 Rd8 17. Nfd2 Ne8 18. Nc4 Nc7 19. Rf1 Nb5 20. Bc1 Nd6 21. Nxd6 Qxd6 {1-0 Lazov,T (2369)-Kara,G (1843) TCh-TUR 1st League 2024 (4.43)}) 7... c6 $146 ({RR} 7... c5 8. dxc5 Nxc5 9. Be3 b6 10. Na3 Bb7 11. Bd4 Nce4 12. Nc2 Bh6 13. a4 Nd7 14. Nb4 Qc7 15. Nd3 f6 16. Bh3 e5 17. Bxd7 Qxd7 18. Be3 Bg7 19. a5 Qd6 20. axb6 axb6 21. Qb3 Rab8 22. Qxb6 {1-0 Mihajlovic,M (2247)-Marinkov,S (2037) Belgrade Zimski op 2005 (1)}) ({RR} 7... c5 8. e3 Ne4 9. Nfd2 f5 10. dxc5 Ndxc5 11. Nb3 b6 12. Qc2 Ba6 13. Rd1 e6 14. Nd4 Qf6 15. b4 Nd7 16. Qa4 Nb8 17. f3 Nd6 18. b5 Bb7 19. Ba3 Rd8 20. Nd2 a6 21. Bxd6 Rxd6 22. Qa3 {½-½ Cruz Pino,A (1988)-Meyer,C (1914) Las Palmas Ciudad 1st 2014 (7)}) 8. Nbd2 Re8 9. e4 dxe4 10. Ng5 e5 11. dxe5 Nxe5 12. Qb3 h6 13. Ngxe4 Nxe4 14. Bxe4 Be6 15. Qc2 Bd5 16. Bxd5 Qxd5 17. Qe4 Qxe4 18. Nxe4 Nf3+ 19. Kg2 Nxh2 20. Kxh2 Rxe4 21. Be3 b6 22. Rfd1 Re7 23. Rd6 c5 24. Rad1 Rae8 25. Kg2 Be5 26. Rd7 Kg7 27. a4 a5 28. Kf3 g5 29. R1d3 Rxd7 30. Rxd7 Re6 31. Rd8 Bf6 32. Rd7 Kg6 33. g4 h5 34. gxh5+ Kxh5 35. Rxf7 Kg6 36. Rd7 Kf5 37. Rb7 g4+ 38. Kg2 Be5 39. Rd7 Ke4 40. Rd8 g3 41. Bc1 gxf2 42. Kxf2 Rf6+ 43. Ke2 Rg6 44. Kf2 Rf6+ 45. Ke2 Rf7 46. Bd2 Rg7 47. Kd1 Rg2 48. b3 Rf2 49. Re8 Kd3 50. Rd8+ Ke4 51. Kc1 1/2-1/2